Carregant...

ബൈബിള്‍ കഥകള്‍

Dades bibliogràfiques
Altres autors: കോശി പി ജോണ്‍ (Ed.), Koshy P John (Ed.)
Format: Printed Book
Publicat: Kottayam; Vidyarthi Mithram Press & Book Depo; 1978
Edició:1st
Matèries:
LEADER 00702nam a22001817a 4500
082 |a 894.M301  |b KOS/B L8 
240 |a Bible Stories 
245 |a ബൈബിള്‍ കഥകള്‍ 
250 |a 1st 
260 |a Kottayam;  |b Vidyarthi Mithram Press & Book Depo;  |c 1978 
300 |a 306P. 
650 |a Malayalam;Short Stories  |9 294187 
650 |a മലയാളം; കഥ ചെറുകഥ  |9 294188 
700 |a കോശി പി ജോണ്‍ (Ed.)  |9 271653 
700 |a Koshy P John (Ed.)  |9 271654 
942 |c BK 
999 |c 67092  |d 67092 
952 |0 0  |1 0  |4 0  |6 894_000000000000000_M301_KOS_B_L8  |7 0  |8 STO  |9 79832  |a MAL  |b MAL  |d 2016-11-05  |e 25089  |l 0  |o 894.M301 KOS/B L8  |p MAL025089  |r 2016-11-05  |t 1  |w 2016-11-05  |y BK